| 000 | 00981nam a22002297a 4500 | ||
|---|---|---|---|
| 003 | BUBTL | ||
| 008 | 240801b ||||| |||| 00| 0 eng d | ||
| 020 | _a9843000021825 | ||
| 041 | _aবাংলা | ||
| 082 | _a954.92/ H7949b/ 2008 | ||
| 100 |
_95872 _aহোসেন. ড. আবু মোঃ দেলোয়ার |
||
| 245 |
_aবাংলাদেশের ইতিহাস : ১৯০৫-১৯৭১/ _bড. আবু মোঃ দেলোয়ার হোসেন |
||
| 250 | _a১ম সং | ||
| 260 |
_aঢাকা : _bবিশ্ববিদ্যালয় প্রকাশনী, |
||
| 300 |
_a[xv], 462 p. : _bill. ; 22 cm. |
||
| 505 | _aবাংলাদেশের ইতিহাস : ১৯০৫-১৯৭১, ড. আবু মোঃ দেলোয়ার হোসেন | ||
| 526 | _aLaw | ||
| 650 | 0 |
_92102 _aLaw |
|
| 856 |
_k0 _l0 _yDownload |
||
| 942 |
_2ddc _cBK |
||
| 999 |
_c7341 _d7341 |
||